Porphyrii Philosophi Pythagorici De abstinentia ab animalibus necandis Libri quatuor

Bibliographic Details
Main Author: Porphyrius, asi 234-asi 305 (Author)
Corporate Author: Morden, William (Veľká Británia, Cambridge) (Printer)
Other Authors: Holste, Lukas 1596-1661 (Author of introduction, etc.), Morden, William 1652-1679 (Printer)
Format: Book
Language:Latin
Greek, Modern (1453- )
PhysicalDescription:285 strán, 87 strán, 13 nečíslovaných strán 17 cm
Edition:Ex nova versione: Cui subjiciuntur notae breviusculae. Ejusdem liber de vita Pythagorae: et sententiae ad intelligibilia ducentes: De antro Nympharum, quod in Odyssea describitur. Lucas Holstenius Hamburgens. Latine vertit. Dissertationem de Vita et Scriptis Porphyrii, et ad vitam Pathagorae observationes adjecit
Subjects:

MARC

LEADER 00000nam a2200000 4500
001 vtls011907405
003 SK-MaSNL
005 20260425233923.0
008 191216t1655 xxka r 001 0 lat
015 |a SNBHFA1655 
040 |a SNKHF  |b slo  |c SNK  |e rda 
041 |a lat  |a gre 
044 |a xxk  |c GB 
072 7 |a 101  |x Filozofia  |2 konspekt 
080 |a 101  |2 2011 
100 0 |a Porphyrius,  |d asi 234-asi 305  |4 aut  |9 129901 
245 1 0 |a Porphyrii Philosophi Pythagorici De abstinentia ab animalibus necandis Libri quatuor 
250 |a Ex nova versione: Cui subjiciuntur notae breviusculae. Ejusdem liber de vita Pythagorae: et sententiae ad intelligibilia ducentes: De antro Nympharum, quod in Odyssea describitur. Lucas Holstenius Hamburgens. Latine vertit. Dissertationem de Vita et Scriptis Porphyrii, et ad vitam Pathagorae observationes adjecit 
264 3 |a Cantabrigiae  |b Ex celeberrimae Academiae Typographeo. Impersis Guil. Morden Bibliopoleae  |c M D C I (1601) 
300 |a 285 strán, 87 strán, 13 nečíslovaných strán  |c 17 cm 
336 |a text  |b txt  |2 rdacontent 
337 |a bez média  |b n  |2 rdamedia 
338 |a zväzok  |b nc  |2 rdacarier 
500 |a Kustody, iniciálky s ornamentálnym pozadím na 5 riadkov, koncová vineta,dvojstĺpcová tlač v gréckom a latinskom jazyku 
562 |a Rukopisné poznámky a marginálie v texte  |5 SNK ID 101578 
563 |a Väzba pôvodná, pergamenová  |5 SNK ID 101578 
650 0 7 |a filozofia  |2 SNKPH  |9 793 
700 1 |a Holste, Lukas  |d 1596-1661  |4 red  |4 aui  |9 504665 
700 1 |a Morden, William  |d 1652-1679  |4 prt  |9 361283 
710 0 |a Morden, William (Veľká Británia, Cambridge)  |4 prt  |9 361284 
752 |a Veľká Británia  |d Cambridge 
852 |a snk  |b Aponiovská knižnica  |p ID 101578 
999 |c 779367  |d 781297 
952 |t Op. I/33  |a SNK  |b SNK  |c SNK_HF  |y PREZ  |7 0  |p 17A1389595  |o snkID 101578  |i snk2019/32188  |8 5  |0 0  |1 0  |4 0  |d 2019-12-16  |l 0  |r 2026-02-24 01:00:26  |w 2026-02-24